=LDR 00000nam 2200000 4500 =001 INLIS000000000041844 =005 20200313080227 =035 ##$$a 0010-061300000041844 =008 200313################g##########0#ind## =041 ##$$a Ind =082 ##$$a 297.072 =090 ##$$a 297, Idh p =245 1#$$a Panduan teknis penelitian keagamaan /$c Idham, Saprillah, Badruzzaman =260 ##$$a Makasar :$b Balai penelitian dan Pengembangan Agama Makassar,$c 2011 =300 ##$$a xii, 101 hlm. ; $c 21 X 14 cm. =650 #4$$a Penelitian Islam - Teknis =700 #$$a Saprillah =700 #$$a Badruzzaman =850 ##$$a NBPNMAT =084 ##$$a 297.072 IDH p =100 #$$a Idham =990 ##$$a 31200277 =990 ##$$a 31200276